Football Teams Timm Klose Played For - Statistics

General Stats
  • This quiz has been taken 4 times
  • The average score is 7 of 9
Answer Stats
Team % Correct
1. FC Nürnberg
100%
1. FC Nürnberg II
100%
Basel
100%
Basel U21
100%
VfL Wolfsburg
100%
Bristol City
67%
Norwich City
67%
Switzerland
67%
FC Thun
33%
No matching quizzes found
Score Distribution
Percent of People with Each Score
Percentile by Number Answered
Your Score History
You have not taken this quiz